A ilusão de Merit (Registo nº 198939)

Detalhes MARC
000 -Etiqueta do registo
Valores 01829nam 22002653 4500
010 ## - Número ISBN
ISBN 978-989-8917-69-0
021 ## - Número do Depósito Legal
Código do país Portugal
Número 450262/18
100 ## - Dados gerais de processamento
Dados gerais 20230419d u||y0pory50 ba
101 ## - Língua de publicação
Língua Português
102 ## - País de publicação
País Portugal
200 ## - Titulo e menção de responsabilidade
Título próprio A ilusão de Merit
Primeira menção de responsabilidade Colleen Hoover
Outras menções de responsabilidade tradução Susana Serrão
205 ## - Menção da edição
Edição
210 ## - Publicação
Local de publicação Amadora
Nome do editor Topseller
Data de publicação 2019
215 ## - Descrição física 
Paginação / Volumes 314 p.
Outras indicações físicas Brochado
Dimensões 23 cm
300 ## - Notas gerais 
Texto da nota Prémio Goodreads para melhor Romance
330 ## - Sumário ou Resumo
Texto da nota Com uma vida cheia de obstáculos, Beyah só pode contar consigo própria para alcançar um futuro melhor. Mas a poucos meses de concretizar os seus planos e deixar para trás um passado que preferia esquecer, um acontecimento inesperado obriga-a a seguir um novo rumo e procurar a única saída possível. É assim que, de um momento para o outro, se vê na Península Bolivar, no Texas, a passar os meses de verão com o pai, que mal conhece, decidida a deixar avançar os dias sem levantar grandes ondas.<br/><br/>Tudo muda quando conhece Samson, o vizinho da casa ao lado, que exerce sobre ela um estranho fascínio, apesar de nada terem em comum, pois ela vem de uma vida de pobreza e negligência e ele de uma família rica e privilegiada. no entanto, a convivência fá-los perceber que, apesar das suas diferenças, há uma tristeza inerente que os une e atrai.<br/><br/>É inegável que a ligação entre eles é intensa, mas os dois já traçaram o seu rumo e não querem perder o pé numa relação sem futuro. Só não estavam à espera de que a corrente pudesse arrastá-los para um mar profundo de emoções.<br/><br/>
606 ## - Nome comum usado como assunto
ID Autoridade 16
Palavra de ordem Literatura Americana
675 ## - CDU
Notação 821.111(73)-3
Edição PT
Língua por
700 ## - Autor principal (pessoa individual)
ID Autoridade 918
Apelido Hoover
Nome Collen
Datas 1979-
702 ## - Autor secundário (pessoa individual)
ID Autoridade 8679
Apelido Serrão
Nome Susana
801 ## - Fonte de origem
País PT
Agência BMMN
Regras de catalogação RPC
830 ## - Notas gerais do catalogador
Criado por Ana
Indexado por Ana
990 ## - Elementos KOHA
Tipo de documento Livro
Exemplares
Situação do levantamento Biblioteca de origem Código de barras Cota Permissão de empréstimo Tipo de documento Forma de aquisição
  Biblioteca Municipal de Montemor-o-Novo 27565 821.111(73)-3 HOO|LG   Livro Oferta

Powered by Koha